000 00645nam a2200217 a 4500
001 18975
003 CO-ViMGA
008 141112s2004 ck r 000 u spa d
020 _a84
040 _aCO-ViMGA
_bspa
_cCO-ViMGA
082 0 4 _a649.64 N357d
100 1 _aNelsen, Jane; Lott, Lyon
_927147
245 1 0 _aDisciplina con amor en el aula :
_bcomo pueden los niños adquirir control, autoestima
260 _aBogotá :
_bPlaneta; 1999
300 _a271 p.
490 _aRespuestas
590 _aForma de adquisición : Proyecto 2005 - - Precio :
_28.800
650 1 4 _aCRIANZA DE NIÑOS
_919664
650 1 4 _aDISCIPLINA
942 _2ddc
_cBK
999 _c28165
_d28165